00861nam a22002057a 4500003000500000005001700005008004100022020003000063040002800093041001200121082001600133100002600149245004200175260004000217300005200257490002400309520025600333650004000589700002600629322820251111160002.0251111b sa ||||| |||| 00| 0 eng d a9781422234808 (paperback) aMPLbEnglishc3228erda aEnglish 0a364.67 INNE a Innes ,BrianeAuthor aThe history of torture /cBrian Innes a Broomall, PA:b Mason Crest,c2017 a96 pages : billustrations some color ; c23 cm aCrime and detection aProvides the history of torture, from its earliest uses right up to the present day, explaining the tools and techniques of torture, and also details the fight against torture through the work of international campaigners such as Amnesty International 0aTorture History Juvenile literature a Innes ,BrianeAuthor